All Top 20 Players in the 2000s - Statistics

General Stats
  • This quiz has been taken 32 times
  • The average score is 38 of 92
Answer Stats
Career High Weeks Player % Correct
923 Novak Djokovic
100%
Nr. 1 1064 Roger Federer
100%
868 Andre Agassi
95%
598 Andy Murray
95%
938 Rafael Nadal
95%
Nr. 3 590 David Ferrer
86%
316 Juan Carlos Ferrero
86%
680 Pete Sampras
86%
546 Andy Roddick
81%
408 Lleyton Hewitt
76%
484 Stan Wawrinka
76%
Nr. 5 523 Jo-Wilfried Tsonga
71%
482 Marin Čilić
71%
288 Gustavo Kuerten
67%
Nr. 4 583 Tomáš Berdych
67%
383 Carlos Moyá
62%
Nr. 6 454 Gaël Monfils
62%
Nr. 2 502 Goran Ivanišević
62%
379 Juan Martín del Potro
62%
258 Marat Safin
62%
125 Marcos Baghdatis
62%
302 Nikolay Davydenko
62%
371 David Nalbandian
57%
317 Fernando González
57%
184 Fernando Verdasco
57%
160 Guillermo Coria
57%
Nr. 7 421 Richard Gasquet
57%
157 Robin Söderling
57%
264 Patrick Rafter
52%
415 Tim Henman
52%
373 Tommy Haas
52%
447 Yevgeny Kafelnikov
52%
128 Gastón Gaudio
48%
206 Ivan Ljubičić
48%
232 Marcelo Ríos
48%
227 Mark Philippoussis
48%
Nr. 8 236 Mikhail Youzhny
48%
Nr. 9 246 Nicolás Almagro
48%
188 Thomas Johansson
48%
395 Tommy Robredo
48%
291 Àlex Corretja
43%
177 Andrei Medvedev
43%
Nr. 12 117 Feliciano López
43%
309 Gilles Simon
43%
182 James Blake
38%
135 Nicolas Kiefer
38%
90 Rainer Schüttler
38%
231 Sébastien Grosjean
38%
250 Albert Costa
33%
44 Ivo Karlović
33%
92 Magnus Norman
33%
138 Mardy Fish
33%
46 Mariano Puerta
33%
79 Mario Ančić
33%
157 Radek Štěpánek
33%
311 Thomas Enqvist
33%
278 Todd Martin
33%
63 Arnaud Clément
29%
147 Greg Rusedski
29%
4 Xavier Malisse
29%
Nr. 15 51 Juan Ignacio Chela
24%
95 Juan Mónaco
24%
381 Richard Krajicek
24%
51 Franco Squillari
19%
166 Guillermo Cañas
19%
130 Jiří Novák
19%
52 Martin Verkerk
19%
74 Nicolás Lapentti
19%
79 Nicolás Massú
19%
100 Paradorn Srichaphan
19%
Nr. 11 95 Sjeng Schalken
19%
292 Wayne Ferreira
19%
Nr. 16 25 Agustín Calleri
14%
Nr. 19 14 Albert Portas
14%
35 Andrei Pavel
14%
241 Cédric Pioline
14%
110 Dominik Hrbatý
14%
Nr. 10 176 Félix Mantilla
14%
20 Igor Andreev
14%
27 Jan Michael Gambill
14%
3 Max Mirnyi
14%
1 Stefan Koubek
14%
Nr. 14 84 Younes el Aynaoui
14%
Nr. 17 17 Fabrice Santoro
10%
Nr. 13 52 Jarkko Nieminen
10%
14 Nicolas Escude
10%
24 Paul Henri Mathieu
10%
41 Robby Ginepri
10%
Nr. 18 30 Vincent Spadea
10%
Nr. 20 2 Dmitry Tursunov
5%
1 José Acasuso
5%
106 Karol Kučera
5%
No matching quizzes found
Score Distribution
Percent of People with Each Score
Percentile by Number Answered
Your Score History
You have not taken this quiz